<?xml version="1.0" encoding="UTF-8"?>
<record
    xmlns:xsi="http://www.w3.org/2001/XMLSchema-instance"
    xsi:schemaLocation="http://www.loc.gov/MARC21/slim http://www.loc.gov/standards/marcxml/schema/MARC21slim.xsd"
    xmlns="http://www.loc.gov/MARC21/slim">

  <leader>02091nam a2200325 i 4500</leader>
  <controlfield tag="001">000047525</controlfield>
  <controlfield tag="003">DO-SdBNP</controlfield>
  <controlfield tag="005">20250529120233.0</controlfield>
  <controlfield tag="007">ta</controlfield>
  <controlfield tag="008">180620s2008    dr            000 0 spa d</controlfield>
  <datafield tag="020" ind1=" " ind2=" ">
    <subfield code="a">9945130553</subfield>
  </datafield>
  <datafield tag="040" ind1=" " ind2=" ">
    <subfield code="a">DO-SdBNP</subfield>
    <subfield code="b">spa</subfield>
    <subfield code="c">BNPHU</subfield>
  </datafield>
  <datafield tag="082" ind1=" " ind2="4">
    <subfield code="a">305.7293</subfield>
    <subfield code="b">R696M</subfield>
    <subfield code="2">22</subfield>
  </datafield>
  <datafield tag="100" ind1="1" ind2=" ">
    <subfield code="a">Rodr&#xED;guez Gautreau</subfield>
    <subfield code="9">75138</subfield>
  </datafield>
  <datafield tag="245" ind1="1" ind2="0">
    <subfield code="a">Memorias de una &#xE9;poca :</subfield>
    <subfield code="b">la sociedad dominicana del siglo XIX, vista a trav&#xE9;s de sus grupos sociales /</subfield>
    <subfield code="c">Fabio A. Rodr&#xED;guez Gautreau.</subfield>
  </datafield>
  <datafield tag="264" ind1=" " ind2=" ">
    <subfield code="a">Santo Domingo :</subfield>
    <subfield code="b">Mediabyte,</subfield>
    <subfield code="c">2008.</subfield>
  </datafield>
  <datafield tag="300" ind1=" " ind2=" ">
    <subfield code="a">248 p&#xE1;ginas ;</subfield>
    <subfield code="c">22 cm.</subfield>
  </datafield>
  <datafield tag="336" ind1=" " ind2=" ">
    <subfield code="a">texto</subfield>
    <subfield code="b">txt</subfield>
    <subfield code="2">rdacontent</subfield>
  </datafield>
  <datafield tag="337" ind1=" " ind2=" ">
    <subfield code="2">sin mediaci&#xF3;n</subfield>
    <subfield code="a">n</subfield>
    <subfield code="b">rdamedia</subfield>
  </datafield>
  <datafield tag="338" ind1=" " ind2=" ">
    <subfield code="a">volumen</subfield>
    <subfield code="b">nc</subfield>
    <subfield code="2">rdacarrier</subfield>
  </datafield>
  <datafield tag="505" ind1=" " ind2=" ">
    <subfield code="a">Pr&#xF3;logo --</subfield>
    <subfield code="t">Introducci&#xF3;n --</subfield>
    <subfield code="t">Clases sociales dominicanas en el siglo XIX --</subfield>
    <subfield code="t">Familia Delgado S&#xE1;nchez Prieto --</subfield>
    <subfield code="t">Familia Delgado Tejada --</subfield>
    <subfield code="t">Cotidianidad en el hogar --</subfield>
    <subfield code="t">D&#xED;a de San Pedro y San Pablo --</subfield>
    <subfield code="t">Reconocimiento de la Reina de Espa&#xF1;a a la labor cient&#xED;fica y humanitaria del Dr. Don Pedro Delgado --</subfield>
    <subfield code="t">Familia Delgado Pommayrac --</subfield>
    <subfield code="t">Vecindario y amistades --</subfield>
    <subfield code="t">El carnaval del a&#xF1;o 1859 --</subfield>
    <subfield code="t">Familia Gautreau Delgado --</subfield>
    <subfield code="t">Fricci&#xF3;n y consecuencias --</subfield>
    <subfield code="t">De nuevo en Santo Domingo --</subfield>
    <subfield code="t">Peripecias y astucias de Don Pedro --</subfield>
    <subfield code="t">Intercesi&#xF3;n --</subfield>
    <subfield code="t">Vida y obra del Dr. Alberto Gautreau Delgado --</subfield>
    <subfield code="t">Familia Bilini Hern&#xE1;ndez --</subfield>
    <subfield code="t">Familia Rodr&#xED;guez --</subfield>
    <subfield code="t">Grupo Social Grandes propietarios del Este del pa&#xED;s --</subfield>
    <subfield code="t">Familia Alfau --</subfield>
    <subfield code="t">Toma del Guaba --</subfield>
    <subfield code="t">Familias de Rivera-Soto y Febles Vallenilla--</subfield>
    <subfield code="t">Hato del Prado --</subfield>
    <subfield code="t">Familia Santana Familias --</subfield>
    <subfield code="t">Desgracia y muerte de Santana --</subfield>
    <subfield code="t">Dedicatorias --</subfield>
    <subfield code="t">Agradecimientos</subfield>
  </datafield>
  <datafield tag="590" ind1=" " ind2=" ">
    <subfield code="a">Inventariado, 2018/VM</subfield>
  </datafield>
  <datafield tag="650" ind1=" " ind2="0">
    <subfield code="a">Clases sociales</subfield>
    <subfield code="z">Rep&#xFA;blica Dominicana</subfield>
    <subfield code="x">Hsitoria</subfield>
    <subfield code="y">Siglo XIX</subfield>
    <subfield code="9">1062</subfield>
  </datafield>
  <datafield tag="650" ind1=" " ind2="4">
    <subfield code="a">Grupos sociales</subfield>
    <subfield code="z">Rep&#xFA;blica Dominicana</subfield>
    <subfield code="x">Historia</subfield>
    <subfield code="y">Siglo XIX</subfield>
    <subfield code="9">87905</subfield>
  </datafield>
  <datafield tag="651" ind1=" " ind2="4">
    <subfield code="a">Rep&#xFA;blica Dominicana</subfield>
    <subfield code="x">Genealog&#xED;a</subfield>
    <subfield code="9">75139</subfield>
  </datafield>
  <datafield tag="651" ind1=" " ind2="4">
    <subfield code="a">Rep&#xFA;blica Dominicana</subfield>
    <subfield code="v">Biograf&#xED;as</subfield>
    <subfield code="9">1083</subfield>
  </datafield>
  <datafield tag="651" ind1=" " ind2="4">
    <subfield code="a">Rep&#xFA;blica Dominicana</subfield>
    <subfield code="a">Condiciones sociales</subfield>
    <subfield code="y">Siglo XIX</subfield>
    <subfield code="9">75140</subfield>
  </datafield>
  <datafield tag="910" ind1=" " ind2=" ">
    <subfield code="a">Validado. Control de Calidad/ MAA</subfield>
  </datafield>
  <datafield tag="942" ind1=" " ind2=" ">
    <subfield code="2">ddc</subfield>
    <subfield code="c">LBS1</subfield>
  </datafield>
  <datafield tag="952" ind1=" " ind2=" ">
    <subfield code="0">0</subfield>
    <subfield code="1">0</subfield>
    <subfield code="2">ddc</subfield>
    <subfield code="5">1</subfield>
    <subfield code="7">0</subfield>
    <subfield code="8">PD</subfield>
    <subfield code="a">BNPHU</subfield>
    <subfield code="b">BNPHU</subfield>
    <subfield code="c">HD</subfield>
    <subfield code="d">2018-06-20</subfield>
    <subfield code="l">0</subfield>
    <subfield code="o">BNPHU PD 305.7293 R696M</subfield>
    <subfield code="p">47525-10</subfield>
    <subfield code="r">2020-06-25</subfield>
    <subfield code="w">2020-06-25</subfield>
    <subfield code="y">LBS1</subfield>
    <subfield code="Z">No se presta</subfield>
  </datafield>
  <datafield tag="999" ind1=" " ind2=" ">
    <subfield code="c">47013</subfield>
    <subfield code="d">47013</subfield>
  </datafield>
</record>
